000 00470cam a2200181ua 4500
001 3064
008 110926n ii |||gr||||Z||||||asm
040 _cMAIN
082 _a920
100 _aGohainborooah, Padmanath,
_eAuthor.
245 1 1 _aMor sowarani
_cby Padmanath Gohainborooah
250 _a1st.
260 _aGuahati:
_bPublication board assam,971.
300 _a343p:
_c23cm.
653 _aAutobiography
653 _aAutobiography by Mor sowarani
942 _cBK
999 _c2910
_d2910